| 000 | 00398 a2200157 4500 | ||
|---|---|---|---|
| 001 | 46116 | ||
| 020 | _a9788578480691 | ||
| 040 | _cAnchieta - Aquarius | ||
| 100 | _aIngpen, Robert | ||
| 240 | 1 | 0 |
_aA maravilhosa jornada dos peruanos cabeludos _lpor |
| 245 | 1 | 0 | _aA maravilhosa jornada dos peruanos cabeludos |
| 300 | _a | ||
| 362 | 0 | _a2011 | |
| 650 | 4 | _aLiteratura infanto-juvenil | |
| 942 | _cBK | ||
| 999 |
_c46116 _d46116 |
||